000 00991nam a2200205Ii 4500
003 JO-AjNU
008 230605s9999||||xx |||||||||||||| ||und||
017 _a1996/2/279
040 _aJO-AjNU
_bara
_erda
_cJO-AjNU
041 _aara
050 1 4 _aDS154.52.T34.N32 1996
100 3 _aالمركز الاردني والاسلامي للدراسات والمعلومات - الاردن,
_eauthor
_957083
245 0 0 _aوصفي التل: فكره ومواقفة
264 3 1 _aعمان: المركز الاردني والاسلامي للدراسات والمعلومات، 1996
300 _a239ص
_bندوة نظمها المركز الاردني الاسلامي للدراسات والمعلومات بالتعاون مع وزارة الثقافة - الاردن
336 _atext
_btxt
_2rdacontent
337 _aunmediated
_bn
_2rdamedia
338 _avolume
_bnc
_2rdacarrier
650 4 _aالسياسيون الاردنيون - تراجم - مؤتمرات - وصفي التل
_957084
999 _aA25559
_c29127
_d29127